[Event "IRQ-ch"]
[Site "Sulaymaniyah"]
[Date "2023.11.01"]
[Round "11"]
[White "Salih, Akar Ali Salih"]
[Black "Mohammed, Latif Hamid"]
[Result "1-0"]
[WhiteElo "2204"]
[BlackElo "2090"]
[PlyCount "87"]
[EventDate "2023.10.25"]
[EventType "tourn"]
[EventRounds "11"]
[EventCountry "IRQ"]
[SourceTitle "Mega2024 Update 01"]
[Source "Chessbase"]
[SourceDate "2023.11.12"]
[SourceVersion "1"]
[SourceVersionDate "2023.11.12"]
[SourceQuality "1"]

1. e4 c5 2. Nf3 e6 3. d4 cxd4 4. Nxd4 a6 5. Bd3 Bc5 6. Nb3 Ba7 7. Qe2 Nc6 8. Be3 Nge7 9. f4 0-0 10. N1d2 Bxe3 11. Qxe3 Nb4 12. a3 Nxd3+ 13. Qxd3 d5 14. e5 Qc7 15. 0-0-0 Bd7 16. Nd4 Rac8 17. N2f3 Bb5 18. Qe3 Ba4 19. Rd2 Qb6 20. Re1 Rc7 21. g4 Rfc8 22. Ree2 Nc6 23. Nxc6 Qxe3 24. Rxe3 Bxc6 25. Nd4 Bd7 26. f5 Re8 27. c3 exf5 28. gxf5 Bc8 29. f6 gxf6 30. Rg3+ Kh8 31. exf6 Rg8 32. Rxg8+ Kxg8 33. Rg2+ Kf8 34. Rg7 h6 35. Rh7 Kg8 36. Rxh6 Bg4 37. Rh4 Bd7 38. Rh5 Bc6 39. Nf5 b5 40. Ne7+ Rxe7 41. fxe7 f6 42. Rxd5 Kf7 43. Rd6 Bb7 44. Rxf6+ 1-0

[Event "IRQ-ch"]
[Site "Sulaymaniyah"]
[Date "2023.10.30"]
[Round "9"]
[White "Salih, Akar Ali Salih"]
[Black "Ahmed, Ali Layth Ahmed"]
[Result "1/2-1/2"]
[WhiteElo "2204"]
[BlackElo "2198"]
[PlyCount "85"]
[EventDate "2023.10.25"]
[EventType "tourn"]
[EventRounds "11"]
[EventCountry "IRQ"]
[SourceTitle "Mega2024 Update 01"]
[Source "Chessbase"]
[SourceDate "2023.11.12"]
[SourceVersion "1"]
[SourceVersionDate "2023.11.12"]
[SourceQuality "1"]

1. e4 c6 2. d4 d5 3. e5 Bf5 4. Nc3 e6 5. g4 Bg6 6. Nge2 h6 7. h4 Bh7 8. Be3 Nd7 9. Qd2 Bb4 10. Nc1 Ne7 11. h5 c5 12. a3 Bxc3 13. bxc3 Be4 14. Rh3 cxd4 15. Bxd4 Nc6 16. f4 Rc8 17. Bd3 Bxd3 18. cxd3 Nxd4 19. cxd4 Qb6 20. Ne2 Qb3 21. Qb4 Qxb4+ 22. axb4 a6 23. Kd2 Nb8 24. b5 0-0 25. Rhh1 Rc7 26. Rhb1 axb5 27. Rxb5 Nc6 28. Rab1 Rb8 29. Ke3 Nd8 30. Rc5 Rbc8 31. Rbc1 Rc6 32. Kd2 Ra8 33. Nc3 Kf8 34. Rb1 Rxc5 35. dxc5 d4 36. Ne2 Ra2+ 37. Kd1 Ra5 38. Nxd4 Rxc5 39. Nb5 Rd5 40. Kd2 f6 41. exf6 gxf6 42. Nc3 Rd7 43. Ke3 1/2-1/2

[Event "IRQ-ch"]
[Site "Sulaymaniyah"]
[Date "2023.10.29"]
[Round "7"]
[White "Salih, Akar Ali Salih"]
[Black "Mohammed, Zozek Salah Mohamme"]
[Result "1/2-1/2"]
[WhiteElo "2204"]
[BlackElo "2208"]
[PlyCount "142"]
[EventDate "2023.10.25"]
[EventType "tourn"]
[EventRounds "11"]
[EventCountry "IRQ"]
[SourceTitle "Mega2024 Update 01"]
[Source "Chessbase"]
[SourceDate "2023.11.12"]
[SourceVersion "1"]
[SourceVersionDate "2023.11.12"]
[SourceQuality "1"]

1. e4 e6 2. d4 d5 3. e5 c5 4. c3 Nc6 5. Nf3 Qb6 6. a3 c4 7. Nbd2 Na5 8. g3 Bd7 9. Bh3 h6 10. 0-0 0-0-0 11. Ne1 Ne7 12. Ng2 Kb8 13. Ne3 g6 14. Ng4 Bg7 15. Nf6 Bxf6 16. exf6 Ng8 17. Nf3 Ka8 18. Ne5 Rh7 19. Qf3 Ba4 20. Qe2 Nb3 21. Rb1 Nxc1 22. Rbxc1 Nxf6 23. Rfe1 Nd7 24. Qd2 Nxe5 25. Rxe5 g5 26. Rce1 Rg7 27. Bg4 Rh8 28. Bh5 Qd8 29. h3 Bd7 30. Kg2 Qb6 31. Kg1 Qd6 32. Kg2 Rd8 33. R5e2 f6 34. Re3 Re7 35. Qe2 f5 36. Re5 Rg7 37. Kg1 Rf8 38. Qd2 a6 39. Qe2 Rf6 40. Qd2 Qf8 41. Qe2 Ka7 42. Qd2 Qg8 43. Bd1 Qf7 44. b3 b5 45. a4 cxb3 46. axb5 Bxb5 47. Bxb3 Qd7 48. Rc1 Qc6 49. c4 Rc7 50. Rc2 dxc4 51. Bxc4 Bxc4 52. Rc5 Qb6 53. R2xc4 Rxc5 54. dxc5 Qc6 55. Rd4 Rf7 56. Rd6 Qxc5 57. Rxe6 Rc7 58. Qd3 Rc6 59. Qd7+ Rc7 60. Qd3 Rc6 61. Rxc6 Qxc6 62. Qxf5 Kb6 63. Qb1+ Kc7 64. Qh7+ Kb8 65. Qh8+ Ka7 66. Qg7+ Kb6 67. Qb2+ Ka5 68. Qa3+ Kb6 69. Qb2+ Ka7 70. Qg7+ Kb6 71. Qb2+ Ka7 1/2-1/2

[Event "IRQ-ch"]
[Site "Sulaymaniyah"]
[Date "2023.10.28"]
[Round "6"]
[White "Ameen, Mohamed Edan"]
[Black "Salih, Akar Ali Salih"]
[Result "0-1"]
[WhiteElo "1998"]
[BlackElo "2204"]
[PlyCount "102"]
[EventDate "2023.10.25"]
[EventType "tourn"]
[EventRounds "11"]
[EventCountry "IRQ"]
[SourceTitle "Mega2024 Update 01"]
[Source "Chessbase"]
[SourceDate "2023.11.12"]
[SourceVersion "1"]
[SourceVersionDate "2023.11.12"]
[SourceQuality "1"]

1. Nf3 Nf6 2. g3 g6 3. Bg2 Bg7 4. c4 d6 5. d4 0-0 6. 0-0 Nc6 7. Nc3 Bf5 8. b3 e5 9. e3 Re8 10. a3 Qc8 11. Bb2 Bg4 12. Qd2 e4 13. Ng5 Bf5 14. Qc2 Na5 15. Ngxe4 Nxe4 16. Nxe4 Nxb3 17. Nf6+ Bxf6 18. Qxb3 Rb8 19. Rfe1 Be4 20. f3 Bc6 21. d5 Bxb2 22. Qxb2 Bd7 23. Qd4 b6 24. e4 Qa6 25. f4 Qa5 26. Kh1 Re7 27. Qf6 Rbe8 28. Re3 Qc5 29. Rae1 Qxc4 30. Bf3 Bf5 31. e5 dxe5 32. fxe5 Qd4 33. h4 Bg4 34. Bxg4 Qxg4 35. e6 fxe6 36. dxe6 Qf5 37. Qd4 Rf8 38. Qb4 Qd5+ 39. Kg1 c5 40. Qg4 Qf5 41. Qe2 Rf6 42. Qg2 Kg7 43. Qc6 Qf2+ 44. Kh1 Qd2 45. Qb5 Rfxe6 46. Rxe6 Rxe6 47. Rxe6 Qd5+ 48. Kh2 Qxe6 49. Qa6 Qf7 50. a4 c4 51. a5 Qc7 0-1

[Event "IRQ-ch"]
[Site "Sulaymaniyah"]
[Date "2023.10.25"]
[Round "1"]
[White "Aryan, Ali Ehsan"]
[Black "Salih, Akar Ali Salih"]
[Result "0-1"]
[WhiteElo "2079"]
[BlackElo "2204"]
[PlyCount "144"]
[EventDate "2023.10.25"]
[EventType "tourn"]
[EventRounds "11"]
[EventCountry "IRQ"]
[SourceTitle "Mega2024 Update 01"]
[Source "Chessbase"]
[SourceDate "2023.11.12"]
[SourceVersion "1"]
[SourceVersionDate "2023.11.12"]
[SourceQuality "1"]

1. e4 c5 2. Nf3 Nc6 3. Bb5 e5 4. 0-0 Bd6 5. c3 a6 6. Bc4 Nf6 7. d4 cxd4 8. cxd4 exd4 9. e5 Bxe5 10. Nxe5 Nxe5 11. Re1 0-0 12. Rxe5 Qc7 13. Rd5 Nxd5 14. Bxd5 Qe5 15. Bf3 Re8 16. Bd2 d5 17. Na3 Bf5 18. Qb3 Be4 19. Re1 b5 20. Be2 Qd6 21. f3 Bg6 22. Bd3 Rxe1+ 23. Bxe1 Re8 24. Bd2 Qc5 25. Nc2 Rc8 26. Ne1 Bxd3 27. Qxd3 Qc4 28. Kf2 h6 29. a3 Re8 30. b3 Qc5 31. Nc2 Rc8 32. Nxd4 Qxa3 33. Nf5 Qc5+ 34. Kg3 d4 35. b4 Qe5+ 36. f4 Qf6 37. Nxd4 Rc4 38. Nf3 g6 39. Ne5 Rc8 40. Be3 h5 41. Bd4 Qd6 42. Qb3 Rc7 43. Bc5 Qf6 44. Qd5 g5 45. f5 Qxf5 46. Qd8+ Kh7 47. Nf3 Qf4+ 48. Kf2 g4 49. Qd4 Qf5 50. Qe5 Qxe5 51. Nxe5 a5 52. Ke3 a4 53. Kd2 f6 54. Nd3 Rd7 55. Kc2 h4 56. Nf4 f5 57. g3 h3 58. Nd3 Kg7 59. Ne5 Rd5 60. Nc6 f4 61. gxf4 g3 62. Bg1 g2 63. Nd4 Rxd4 64. Bxd4+ Kg6 65. Kd3 Kf5 66. Be3 a3 67. Kc3 Ke4 68. Bc5 Kxf4 69. Kb3 Kf3 70. Kxa3 Ke2 71. Kb2 Kf1 72. Kc2 g1Q 0-1

[Event "Olympiad-44"]
[Site "Chennai"]
[Date "2022.08.07"]
[Round "9.2"]
[White "Liyanage, Ranindu Dilshan"]
[Black "Salih, Akar Ali Salih"]
[Result "1-0"]
[WhiteElo "2286"]
[BlackElo "2243"]
[PlyCount "89"]
[EventDate "2022.07.29"]
[EventType "team-swiss"]
[EventRounds "11"]
[EventCountry "IND"]
[SourceTitle "CBM 210"]
[Source "ChessBase"]
[SourceDate "2022.10.31"]
[SourceVersion "1"]
[SourceVersionDate "2022.10.31"]
[SourceQuality "1"]
[WhiteTeam "Sri Lanka"]
[BlackTeam "Iraq"]
[WhiteTeamCountry "SRI"]
[BlackTeamCountry "IRQ"]

1. e4 c5 2. Nc3 Nc6 3. Bb5 Nd4 4. Bc4 g6 5. Nge2 Bg7 6. Nxd4 cxd4 7. Qf3 Nh6 8. Ne2 0-0 9. d3 d6 10. Nxd4 Ng4 11. c3 Ne5 12. Qe2 Nxc4 13. dxc4 Bd7 14. Be3 a6 15. 0-0 Qc7 16. Rfd1 Rac8 17. b3 Rfe8 18. Qd2 b5 19. cxb5 axb5 20. Rac1 Qb7 21. f3 Rc7 22. Ne2 Rec8 23. Bd4 e5 24. Be3 Bf8 25. Ng3 Be6 26. f4 exf4 27. Bxf4 Rd7 28. Be3 d5 29. e5 Ba3 30. Rc2 Qc7 31. Bd4 Qd8 32. b4 Rdc7 33. Rb1 Rc4 34. Rb3 Ra8 35. Qd1 Qg5 36. Rd2 h5 37. Nf1 Bf5 38. Ne3 Be4 39. Nc2 Bc1 40. Qxc1 Rxa2 41. Be3 Qg4 42. Ne1 Rxd2 43. Qxd2 Rc6 44. Ra3 h4 45. h3 1-0

[Event "Olympiad-44"]
[Site "Chennai"]
[Date "2022.08.05"]
[Round "7.1"]
[White "Darmanin, Jake"]
[Black "Salih, Akar Ali Salih"]
[Result "0-1"]
[WhiteElo "2101"]
[BlackElo "2243"]
[PlyCount "68"]
[EventDate "2022.07.29"]
[EventType "team-swiss"]
[EventRounds "11"]
[EventCountry "IND"]
[SourceTitle "CBM 210"]
[Source "ChessBase"]
[SourceDate "2022.10.31"]
[SourceVersion "1"]
[SourceVersionDate "2022.10.31"]
[SourceQuality "1"]
[WhiteTeam "Malta"]
[BlackTeam "Iraq"]
[WhiteTeamCountry "MLT"]
[BlackTeamCountry "IRQ"]

1. e4 c5 2. Nf3 d6 3. d4 cxd4 4. Qxd4 a6 5. Be3 Nc6 6. Qd2 Nf6 7. Nc3 e6 8. 0-0-0 Qc7 9. Nd4 Bd7 10. f4 Na5 11. Qd3 b5 12. Be2 Rc8 13. g4 b4 14. Nb1 e5 15. Nb3 Bb5 16. Qd2 Bxe2 17. Qxe2 Nc4 18. Na1 Qa5 19. a3 bxa3 20. b3 Nxe3 21. Qxe3 a2 22. g5 axb1Q+ 23. Kxb1 Nd7 24. f5 Qc5 25. Qe2 Qb5 26. Qg4 h5 27. Qf3 Nb6 28. g6 f6 29. Rd3 Be7 30. Rhd1 Rc6 31. Qf2 Qb4 32. Qe2 Na4 33. c4 Nc3+ 34. Rxc3 Qxc3 0-1

[Event "Olympiad-44"]
[Site "Chennai"]
[Date "2022.08.03"]
[Round "6.2"]
[White "Siddharth, Jagadeesh"]
[Black "Salih, Akar Ali Salih"]
[Result "1/2-1/2"]
[WhiteElo "2426"]
[BlackElo "2243"]
[PlyCount "90"]
[EventDate "2022.07.29"]
[EventType "team-swiss"]
[EventRounds "11"]
[EventCountry "IND"]
[SourceTitle "CBM 210"]
[Source "ChessBase"]
[SourceDate "2022.10.31"]
[SourceVersion "1"]
[SourceVersionDate "2022.10.31"]
[SourceQuality "1"]
[WhiteTeam "Singapore"]
[BlackTeam "Iraq"]
[WhiteTeamCountry "SIN"]
[BlackTeamCountry "IRQ"]

1. d4 Nf6 2. c4 g6 3. Nc3 Bg7 4. e4 d6 5. Be2 0-0 6. Be3 e5 7. d5 a5 8. h4 Na6 9. h5 Nc5 10. Qc2 Ng4 11. Bxg4 Bxg4 12. f3 Bd7 13. g4 g5 14. h6 Bf6 15. 0-0-0 b6 16. Qd2 Be7 17. Bxc5 bxc5 18. a4 Kh8 19. Nb5 Rg8 20. Ne2 Rg6 21. Rh3 Bf8 22. Kb1 Be7 23. Qc3 Qb8 24. Ng3 Qb6 25. Qe3 Rb8 26. Rd3 Rb7 27. Rb3 Qa6 28. Qd2 Bd8 29. Ne2 Rb6 30. Nc1 Qa8 31. Qc3 Ra6 32. Nd3 f6 33. Nf2 Qc8 34. Qd2 Be7 35. Nd1 Ra8 36. Ne3 Rg8 37. Nf5 Bf8 38. Ng7 Bxg7 39. hxg7+ Rxg7 40. Rc3 Qd8 41. Rc1 Be8 42. Rh6 Kg8 43. Rch1 Bg6 44. R1h2 Qd7 45. Ka2 Qe7 1/2-1/2

[Event "Olympiad-44"]
[Site "Chennai"]
[Date "2022.07.29"]
[Round "1.2"]
[White "Salih, Akar Ali Salih"]
[Black "Bridet, Robert"]
[Result "1-0"]
[WhiteElo "2243"]
[BlackElo "1497"]
[PlyCount "55"]
[EventDate "2022.07.29"]
[EventType "team-swiss"]
[EventRounds "11"]
[EventCountry "IND"]
[SourceTitle "CBM 210"]
[Source "ChessBase"]
[SourceDate "2022.10.31"]
[SourceVersion "1"]
[SourceVersionDate "2022.10.31"]
[SourceQuality "1"]
[WhiteTeam "Iraq"]
[BlackTeam "Dominica"]
[WhiteTeamCountry "IRQ"]

1. e4 e5 2. Nf3 Nc6 3. Bc4 Bc5 4. 0-0 Nf6 5. d4 Bxd4 6. Nxd4 Nxd4 7. Bg5 h6 8. Bh4 d6 9. f4 Be6 10. Na3 Nc6 11. Bb5 exf4 12. Rxf4 g5 13. Qd4 gxh4 14. Bxc6+ bxc6 15. Rxf6 Rg8 16. Raf1 Qd7 17. Nc4 c5 18. Qd3 Rg4 19. Ne3 Rg5 20. Nd5 0-0-0 21. Qa6+ Kb8 22. R1f3 c4 23. Qxc4 c6 24. Qb4+ Ka8 25. Nb6+ axb6 26. Qxb6 Rxg2+ 27. Kxg2 Rg8+ 28. Kf2 1-0

[Event "IRQ-ch"]
[Site "Baghdad"]
[Date "2021.11.03"]
[Round "9"]
[White "Salih, Akar Ali Salih"]
[Black "Noori, Sabah Nori"]
[Result "1-0"]
[WhiteElo "2283"]
[BlackElo "1943"]
[PlyCount "70"]
[EventDate "2021.10.28"]
[EventType "tourn"]
[EventRounds "9"]
[EventCountry "IRQ"]
[SourceTitle "EXT 2023"]
[Source "ChessBase"]
[SourceDate "2022.10.05"]
[SourceVersion "1"]
[SourceVersionDate "2022.10.05"]
[SourceQuality "1"]

1. e4 e5 2. Nf3 Nc6 3. Bb5 a6 4. Ba4 Nf6 5. 0-0 b5 6. Bb3 Be7 7. Re1 d6 8. c3 0-0 9. h3 Na5 10. Bc2 c5 11. d4 Qc7 12. Nbd2 Ne8 13. Nf1 g6 14. Ne3 Bb7 15. Ng4 Nc6 16. Bh6 Ng7 17. Qd2 Bc8 18. Ne3 cxd4 19. cxd4 Nxd4 20. Nxd4 exd4 21. Nd5 Qa7 22. Rad1 Be6 23. Qxd4 f6 24. Bb3 Kh8 25. Nxe7 Qxe7 26. Bxe6 Qxe6 27. Qxd6 Qxa2 28. Qc7 Ne6 29. Qe7 Rae8 30. Qb7 Rb8 31. Qd5 Qxd5 32. exd5 Ng7 33. Re7 Rg8 34. Bf4 Rge8 35. Rxe8+ Rxe8 1-0

[Event "IRQ-ch"]
[Site "Baghdad"]
[Date "2021.11.01"]
[Round "7"]
[White "Noah, AH Al Ali"]
[Black "Salih, Akar Ali Salih"]
[Result "1/2-1/2"]
[WhiteElo "2248"]
[BlackElo "2283"]
[PlyCount "118"]
[EventDate "2021.10.28"]
[EventType "tourn"]
[EventRounds "9"]
[EventCountry "IRQ"]
[SourceTitle "EXT 2023"]
[Source "ChessBase"]
[SourceDate "2022.10.05"]
[SourceVersion "1"]
[SourceVersionDate "2022.10.05"]
[SourceQuality "1"]

1. e4 c5 2. c3 Nf6 3. e5 Nd5 4. Nf3 d6 5. d4 cxd4 6. cxd4 e6 7. Nc3 Nxc3 8. bxc3 Nc6 9. exd6 Qxd6 10. Bc4 Be7 11. 0-0 0-0 12. Re1 b6 13. Ng5 Bxg5 14. Bxg5 Bb7 15. Qg4 Rfe8 16. Bf6 Qf8 17. d5 exd5 18. Bxd5 Na5 19. c4 Bxd5 20. cxd5 Kh8 21. Be5 Rad8 22. Qa4 h6 23. d6 Nb7 24. Qxa7 Nxd6 25. Qxb6 Nc4 26. Qb5 Nxe5 27. Rxe5 Rxe5 28. Qxe5 Qa3 29. h3 Ra8 30. Qd5 Kg8 31. Rb1 Rc8 32. Qb3 Qc5 33. g3 Re8 34. Qd3 Ra8 35. a4 Qa5 36. Qe4 g6 37. Rb5 Qa6 38. Rb6 Qa5 39. Rb5 Qa6 40. Qf3 Rf8 41. Qb3 Kg7 42. Rb6 Qc8 43. a5 Qxh3 44. Rb7 Qf5 45. a6 Rc8 46. Qb2+ Qf6 47. Rb6 Qxb2 48. Rxb2 Rc1+ 49. Kg2 Ra1 50. Rb6 Ra3 51. g4 h5 52. g5 Ra5 53. f4 Ra3 54. Rc6 Kh7 55. Rb6 Kg7 56. Rc6 Kh7 57. Rf6 Kg7 58. Kf2 Kg8 59. Kg2 Kg7 1/2-1/2

[Event "Online Olym Div2 B"]
[Site "Chess.com INT"]
[Date "2021.09.04"]
[Round "9.5"]
[White "Sirosh, Ilja"]
[Black "Salih, Akar Ali Salih"]
[Result "0-1"]
[WhiteElo "2400"]
[BlackElo "2270"]
[PlyCount "96"]
[EventDate "2021.09.02"]
[EventType "team (rapid)"]
[EventRounds "9"]
[EventCountry "USA"]
[SourceTitle "CBM 204 Extra"]
[Source "ChessBase"]
[SourceDate "2021.11.30"]
[SourceVersion "1"]
[SourceVersionDate "2021.11.30"]
[SourceQuality "1"]
[WhiteTeam "Estonia"]
[BlackTeam "Iraq"]
[WhiteTeamCountry "EST"]
[BlackTeamCountry "IRQ"]

1. e4 c5 2. Nf3 d6 3. d4 cxd4 4. Nxd4 Nf6 5. Nc3 Nc6 6. Bg5 e6 7. Qd3 a6 8. Nxc6 bxc6 9. 0-0-0 Be7 10. Bxf6 gxf6 11. f4 Qb6 12. Kb1 Rb8 13. b3 0-0 14. Qg3+ Kh8 15. Qh4 Qb4 16. Rd3 Rg8 17. Rh3 Rg7 18. Rg3 d5 19. exd5 cxd5 20. Bd3 f5 21. Qh6 Qxc3 22. Bxa6 Qf6 23. Qxf6 Bxf6 24. Rxg7 Kxg7 25. Bd3 Bc3 26. a4 d4 27. g3 Bb7 28. Rd1 Bf3 29. Rf1 Be4 30. Bc4 Kf6 31. Kc1 h5 32. h4 Rd8 33. Kd1 d3 34. cxd3 Bxd3 35. Bxd3 Rxd3+ 36. Kc2 Rxg3 37. Rd1 Ba5 38. Rd7 Rc3+ 39. Kb2 Rf3 40. Ra7 Bb6 41. Rb7 Bd4+ 42. Ka3 Bc5+ 43. Kb2 Rxf4 44. a5 Rxh4 45. a6 Rh2+ 46. Kc3 Ra2 47. Kc4 Be3 48. Kb5 f4 0-1

[Event "Online Olym Div2 B"]
[Site "Chess.com INT"]
[Date "2021.09.02"]
[Round "2.5"]
[White "Salih, Akar Ali Salih"]
[Black "Meskovs, Nikita"]
[Result "0-1"]
[WhiteElo "2270"]
[BlackElo "2550"]
[PlyCount "120"]
[EventDate "2021.09.02"]
[EventType "team (rapid)"]
[EventRounds "9"]
[EventCountry "USA"]
[SourceTitle "CBM 204 Extra"]
[Source "ChessBase"]
[SourceDate "2021.11.30"]
[SourceVersion "1"]
[SourceVersionDate "2021.11.30"]
[SourceQuality "1"]
[WhiteTeam "Iraq"]
[BlackTeam "Latvia"]
[WhiteTeamCountry "IRQ"]
[BlackTeamCountry "LAT"]

1. e4 c5 2. Nf3 Nc6 3. d4 cxd4 4. Nxd4 e6 5. Nc3 Qc7 6. Be3 a6 7. Qd2 Nf6 8. 0-0-0 Be7 9. f3 b5 10. Nb3 d6 11. g4 h6 12. h4 Ne5 13. Be2 Bb7 14. g5 Nh5 15. Rhg1 hxg5 16. hxg5 Nc4 17. Bxc4 bxc4 18. Nd4 g6 19. f4 0-0-0 20. Qf2 Rd7 21. f5 gxf5 22. exf5 e5 23. Nf3 Bd8 24. Nd5 Qa5 25. Nc3 Re8 26. Kb1 Ng7 27. Nh4 d5 28. f6 Ne6 29. g6 d4 30. Nf5 fxg6 31. Nxd4 exd4 32. Bxd4 Qf5 33. Qe2 Rxd4 34. Rxd4 Nxd4 35. Qxe8 Qxc2+ 36. Ka1 Qf5 37. a3 Qxf6 38. Rd1 Kc7 39. Ka2 Bc6 40. Qe3 Nb5 41. Nxb5+ axb5 42. Qa7+ Kc8 43. Qa6+ Bb7 44. Qxb5 Qe6 45. Rc1 Ba6 46. Qc5+ Kb7 47. Ka1 Bb6 48. Qb4 Qc6 49. Re1 Ka7 50. Re7+ Bb7 51. a4 Ka6 52. Re5 c3 53. bxc3 Qh1+ 54. Qb1 Qf3 55. Qb2 Qd1+ 56. Ka2 Bd5+ 57. Rxd5 Qxd5+ 58. Ka1 Qd1+ 59. Ka2 Qxa4+ 60. Kb1 Qb5 0-1

[Event "Online Olym Div3 B"]
[Site "Chess.com INT"]
[Date "2021.08.29"]
[Round "7.5"]
[White "Khairallah, Faisal"]
[Black "Salih, Akar Ali Salih"]
[Result "1-0"]
[WhiteElo "2247"]
[BlackElo "2253"]
[PlyCount "69"]
[EventDate "2021.08.27"]
[EventType "team-tourn (rapid)"]
[EventRounds "9"]
[EventCountry "USA"]
[SourceTitle "CBM 204 Extra"]
[Source "ChessBase"]
[SourceDate "2021.11.30"]
[SourceVersion "1"]
[SourceVersionDate "2021.11.30"]
[SourceQuality "1"]
[WhiteTeam "Lebanon"]
[BlackTeam "Iraq"]
[WhiteTeamCountry "LBN"]
[BlackTeamCountry "IRQ"]

1. d4 Nf6 2. Bg5 Ne4 3. Bf4 d6 4. f3 Nf6 5. e4 Nbd7 6. Ne2 e5 7. Be3 c6 8. Nbc3 Be7 9. Qd2 0-0 10. 0-0-0 b5 11. Ng3 exd4 12. Bxd4 b4 13. Nce2 c5 14. Be3 Ne5 15. Nf4 Qa5 16. Kb1 g6 17. h4 h5 18. b3 Bb7 19. Nd5 Bxd5 20. exd5 Rac8 21. Bg5 Rfe8 22. f4 Neg4 23. f5 c4 24. fxg6 fxg6 25. Bxc4 Rxc4 26. bxc4 Ne5 27. Qf4 Nfg4 28. Bxe7 Rxe7 29. Rhf1 Rf7 30. Qd4 Rc7 31. Qf4 Rxc4 32. Qf8+ Kh7 33. Qe7+ Kh6 34. Rf8 Qc7 35. Rh8# 1-0

[Event "Online Olym Div3 B"]
[Site "Chess.com INT"]
[Date "2021.08.28"]
[Round "5.4"]
[White "Mansour, Sameer"]
[Black "Salih, Akar Ali Salih"]
[Result "0-1"]
[WhiteElo "2308"]
[BlackElo "2253"]
[PlyCount "58"]
[EventDate "2021.08.27"]
[EventType "team-tourn (rapid)"]
[EventRounds "9"]
[EventCountry "USA"]
[SourceTitle "CBM 204 Extra"]
[Source "ChessBase"]
[SourceDate "2021.11.30"]
[SourceVersion "1"]
[SourceVersionDate "2021.11.30"]
[SourceQuality "1"]
[WhiteTeam "Jordan"]
[BlackTeam "Iraq"]
[WhiteTeamCountry "JOR"]
[BlackTeamCountry "IRQ"]

1. d4 Nf6 2. c4 g6 3. Nc3 Bg7 4. Nf3 0-0 5. g3 d6 6. Bg2 Nc6 7. 0-0 a6 8. d5 Na5 9. Qd3 c5 10. e4 Rb8 11. Bd2 b5 12. b3 bxc4 13. bxc4 Rb4 14. e5 Ng4 15. exd6 exd6 16. Ne4 Ra4 17. Rac1 Bf5 18. h3 Nf6 19. Nh4 Nxe4 20. Nxf5 gxf5 21. Bxe4 fxe4 22. Qxe4 Re8 23. Qg4 Qc8 24. Qh4 Rxa2 25. Bf4 Nb3 26. Rfe1 Nd4 27. Kf1 Rxe1+ 28. Rxe1 Nf3 29. Qg4 Nh2+ 0-1

[Event "Online Olym Div3 B"]
[Site "Chess.com INT"]
[Date "2021.08.27"]
[Round "3.3"]
[White "Ortega Amarelle, Mariano"]
[Black "Salih, Akar Ali Salih"]
[Result "1-0"]
[WhiteElo "2463"]
[BlackElo "2253"]
[PlyCount "121"]
[EventDate "2021.08.27"]
[EventType "team-tourn (rapid)"]
[EventRounds "9"]
[EventCountry "USA"]
[SourceTitle "CBM 204 Extra"]
[Source "ChessBase"]
[SourceDate "2021.11.30"]
[SourceVersion "1"]
[SourceVersionDate "2021.11.30"]
[SourceQuality "1"]
[WhiteTeam "Kap Verde"]
[BlackTeam "Iraq"]
[WhiteTeamCountry "KAP"]
[BlackTeamCountry "IRQ"]

1. d4 Nf6 2. Nf3 e6 3. Bf4 c5 4. e3 Nc6 5. c3 Nh5 6. Bg5 Qb6 7. Qb3 h6 8. Bh4 g5 9. Bg3 Nxg3 10. hxg3 Bg7 11. Nbd2 g4 12. Qxb6 axb6 13. Nh2 cxd4 14. exd4 h5 15. Nc4 Ke7 16. Nxb6 Ra7 17. Be2 d5 18. Nf1 Bd7 19. Nxd7 Kxd7 20. Bb5 Kd6 21. Nd2 Bf6 22. Be2 Raa8 23. Nb3 b6 24. a3 Na5 25. Nxa5 bxa5 26. a4 Rab8 27. 0-0-0 Bg5+ 28. Kc2 f5 29. Rh2 Rh6 30. Bb5 Rbh8 31. b4 Bd8 32. Rdh1 Bb6 33. Kd3 Ke7 34. bxa5 Bxa5 35. c4 dxc4+ 36. Bxc4 Kf6 37. Rb1 Kg5 38. Rb5 Ra8 39. d5 exd5 40. Bxd5 Ra7 41. Rh1 Rd6 42. f4+ gxf3 43. gxf3 Bc7 44. Ra1 Ra5 45. Rxa5 Bxa5 46. Kc4 f4 47. gxf4+ Kxf4 48. Kc5 Rh6 49. Kb5 Bd2 50. a5 h4 51. a6 h3 52. a7 Rh8 53. a8Q Rxa8 54. Bxa8 Be3 55. Rh1 Kg3 56. f4 Bxf4 57. Kc4 Be3 58. Kd3 Bb6 59. Rb1 Bf2 60. Ke2 h2 61. Rb3+ 1-0

[Event "Abu Dhabi op 26th"]
[Site "Abu Dhabi"]
[Date "2019.08.03"]
[Round "3"]
[White "Salih, Akar Ali Salih"]
[Black "Mohamed, Faisal"]
[Result "1-0"]
[WhiteElo "2274"]
[BlackElo "2150"]
[PlyCount "99"]
[EventDate "2019.08.02"]
[EventType "swiss"]
[EventRounds "9"]
[EventCountry "UAE"]
[SourceTitle "CBM 191 Extra"]
[Source "ChessBase"]
[SourceDate "2019.09.30"]
[SourceVersion "1"]
[SourceVersionDate "2019.09.30"]
[SourceQuality "1"]

1. e4 c5 2. Nf3 g6 3. d4 cxd4 4. Nxd4 Nc6 5. Nc3 Bg7 6. Be3 Nf6 7. Bc4 0-0 8. Qd2 Nxe4 9. Bxf7+ Rxf7 10. Nxe4 Rf8 11. c4 Ne5 12. b3 Ng4 13. Nc3 Nxe3 14. Qxe3 Qb6 15. Rd1 e5 16. Ndb5 Qxe3+ 17. fxe3 b6 18. Nd6 Ba6 19. Nd5 Rab8 20. Rf1 Rxf1+ 21. Kxf1 Bb7 22. Ke2 Bxd5 23. Rxd5 Kf8 24. Nb5 Ke7 25. a4 a5 26. Nc3 Ke6 27. Rb5 Bf8 28. Ne4 d6 29. g4 Be7 30. h3 Kd7 31. Nc3 Kc6 32. Nd5 Bh4 33. b4 axb4 34. Nxb4+ Kd7 35. Nd5 Bd8 36. a5 Kc6 37. Kd3 Rb7 38. a6 Ra7 39. Ke4 Ra8 40. Nb4+ Kc7 41. Kd5 Bh4 42. Ke6 Bd8 43. Rd5 Bg5 44. Rxd6 Re8+ 45. Kd5 Bxe3 46. Rf6 Bc5 47. Nc6 Kd7 48. Rf7+ Be7 49. Nxe7 Ra8 50. Nxg6+ 1-0

[Event "Abu Dhabi op 26th"]
[Site "Abu Dhabi"]
[Date "2019.08.02"]
[Round "1"]
[White "Salih, Akar Ali Salih"]
[Black "Yuffa, Daniil"]
[Result "0-1"]
[WhiteElo "2274"]
[BlackElo "2571"]
[PlyCount "108"]
[EventDate "2019.08.02"]
[EventType "swiss"]
[EventRounds "9"]
[EventCountry "UAE"]
[SourceTitle "CBM 191 Extra"]
[Source "ChessBase"]
[SourceDate "2019.09.30"]
[SourceVersion "1"]
[SourceVersionDate "2019.09.30"]
[SourceQuality "1"]

1. e4 c6 2. d4 d5 3. exd5 cxd5 4. c4 Nf6 5. Nc3 g6 6. cxd5 Nxd5 7. Qb3 Nb6 8. Bb5+ Bd7 9. Nf3 Bg7 10. Bxd7+ Qxd7 11. 0-0 Nc6 12. Be3 0-0 13. Rfd1 Na5 14. Qb4 Nac4 15. Bg5 Rfe8 16. b3 Qd6 17. Qxd6 Nxd6 18. a4 a6 19. a5 Rac8 20. Rac1 Nd7 21. Nd5 f6 22. Rxc8 Nxc8 23. Rc1 Kf7 24. Bd2 Rd8 25. Rc7 Nf8 26. Ne3 Nd6 27. Bb4 Rd7 28. Bxd6 exd6 29. Rc2 Ne6 30. Nd5 f5 31. Rc4 Bf6 32. Nb6 Re7 33. d5 Nc5 34. b4 Ne4 35. Nc8 Re8 36. Rc7+ Kg8 37. h4 h6 38. Nb6 Bc3 39. Rxb7 Bxb4 40. h5 Bc5 41. hxg6 Bxf2+ 42. Kh2 f4 43. Nd7 Bg3+ 44. Kg1 Bf2+ 45. Kh2 Bg3+ 46. Kg1 h5 47. Nd2 Rc8 48. Nb3 Rc2 49. Rb4 Rb2 50. Kf1 Nd2+ 51. Nxd2 Rxb4 52. Ne4 Kg7 53. Nxd6 Rb1+ 54. Ke2 f3+ 0-1